00755nam a2200241 a 4500001001300000003000900013005001700022008004100039020001000080082001700090100001900107245002800126260004200154300000900196500003500205505009900240650002800339700001900367902000800386942000700394952009700401999001500498nice12345678IN_TiNIC20260116012950.0050524s1946 laha grp 000 0 eng  ac10000a239.009bIMA aImamuddin, S J aGandhi and Christianity aLahorebNorthern India Printingc1946 a144p aincludes index and biblioraphy2 aproceeding of the int.congress of the hist.and philosophy of science, islamabad, 8-13 Dec,1979 aGandhi and Christianity1 aImamuddin, S J bRBA cBK 00104070aHMIbHMId2007-06-28g100.00l0o239.009 IMAp10760r2007-06-28w2026-01-16yEB c9088d9088